Southville International School and Colleges
Your cart is empty.
  • Cart
  • Lists
    Public lists Eva Luna New books Lux_list list_1
    Your lists Log in to create your own lists
  • Log in to your account
  • Your cookies
  • Search history
Southville International School and Colleges
  • Advanced search
  • Recent comments
  • Most popular
  • Libraries

Log in to your account

Log in with GOOGLE


If you do not have an external account, but do have a local account, you can still log in:

  1. Home
  2. MARC view: Shakespeare for dummies® /
Normal view MARC view ISBD view

Shakespeare for dummies® / (Record no. 2304)

[ view plain ]
MARC details
000 -LEADER
fixed length control field 01502cam a2200361 a 4500
001 - CONTROL NUMBER
control field 202352
003 - CONTROL NUMBER IDENTIFIER
control field OSt
005 - DATE AND TIME OF LATEST TRANSACTION
control field 20140310181729.0
008 - FIXED-LENGTH DATA ELEMENTS--GENERAL INFORMATION
fixed length control field 990318s1999 caua 001 0 eng
010 ## - LIBRARY OF CONGRESS CONTROL NUMBER
LC control number 99062007
Canceled/invalid LC control number 99062259
020 ## - INTERNATIONAL STANDARD BOOK NUMBER
International Standard Book Number 0764551353 (pbk. : acidfree paper)
040 ## - CATALOGING SOURCE
Original cataloging agency DLC
Transcribing agency DLC
Modifying agency DLC
050 00 - LIBRARY OF CONGRESS CALL NUMBER
Classification number PR 2987
Item number .D754 1999
082 00 - DEWEY DECIMAL CLASSIFICATION NUMBER
Classification number IB 822.33
Item number D77 1999
100 1# - MAIN ENTRY--PERSONAL NAME
Personal name Doyle, John.
245 10 - TITLE STATEMENT
Title Shakespeare for dummies® /
Statement of responsibility, etc by John Doyle and Ray Lischner ; foreword by Dame Judi Dench.
260 ## - PUBLICATION, DISTRIBUTION, ETC. (IMPRINT)
Place of publication, distribution, etc Foster City, CA :
Name of publisher, distributor, etc IDG Books Worldwide, Inc.,
Date of publication, distribution, etc 1999.
300 ## - PHYSICAL DESCRIPTION
Extent xx, 363 p. :
Other physical details ill. ;
Dimensions 24 cm.
500 ## - GENERAL NOTE
General note Includes index.
521 ## - TARGET AUDIENCE NOTE
Target audience note
541 ## - IMMEDIATE SOURCE OF ACQUISITION NOTE
-- 1
562 ## - COPY AND VERSION IDENTIFICATION NOTE
Number of copies for circulation : 1 copy in the collection
600 10 - SUBJECT ADDED ENTRY--PERSONAL NAME
Personal name Shakespeare, William,
Dates associated with a name 1564-1616
Form subdivision Handbooks, manuals, etc.
600 10 - SUBJECT ADDED ENTRY--PERSONAL NAME
Personal name Shakespeare, William,
Dates associated with a name 1564-1616
Form subdivision Outlines, syllabi, etc.
700 1# - ADDED ENTRY--PERSONAL NAME
Personal name Lischner, Ray,
Dates associated with a name 1961-
856 42 - ELECTRONIC LOCATION AND ACCESS
Materials specified Contributor biographical information
Uniform Resource Identifier <a href="http://www.loc.gov/catdir/bios/wiley044/99062007.html">http://www.loc.gov/catdir/bios/wiley044/99062007.html</a>
856 42 - ELECTRONIC LOCATION AND ACCESS
Materials specified Publisher description
Uniform Resource Identifier <a href="http://www.loc.gov/catdir/description/wiley038/99062007.html">http://www.loc.gov/catdir/description/wiley038/99062007.html</a>
856 41 - ELECTRONIC LOCATION AND ACCESS
Materials specified Table of contents
Uniform Resource Identifier <a href="http://www.loc.gov/catdir/toc/wiley024/99062007.html">http://www.loc.gov/catdir/toc/wiley024/99062007.html</a>
906 ## - LOCAL DATA ELEMENT F, LDF (RLIN)
a 7
b cbc
c orignew
d 2
e opcn
f 19
g y-gencatlg
942 ## - ADDED ENTRY ELEMENTS (KOHA)
Source of classification or shelving scheme Library of Congress Classification
Koha item type
Call number prefix
Holdings
Withdrawn status Lost status Source of classification or shelving scheme Damaged status Home library Current library Shelving location Date acquired Total Checkouts Full call number Barcode Date last seen Copy number Price effective from Koha item type
    Library of Congress Classification   Luxembourg Library Luxembourg Library International Baccalaureate Section 03/08/2013   PR 2987 .D754 1999 15918 08/13/2013 1 10/03/2013 Books

Shakespeare for dummies® /

APA

Doyle J., Lischner R., . (1999). Shakespeare for dummies®. Foster City, CA: IDG Books Worldwide, Inc.

Chicago

Doyle John, Lischner Ray, . 1999. Shakespeare for dummies®. Foster City, CA: IDG Books Worldwide, Inc.

Harvard

Doyle J., Lischner R., . (1999). Shakespeare for dummies®. Foster City, CA: IDG Books Worldwide, Inc.

MLA

Doyle John, Lischner Ray, . Shakespeare for dummies®. Foster City, CA: IDG Books Worldwide, Inc. 1999.

  • Place hold
  • Print
  • Cite
  • Add to your cart (remove)
  • Save record
    BIBTEX Dublin Core MARCXML MARC (non-Unicode/MARC-8) MARC (Unicode/UTF-8) MARC (Unicode/UTF-8, Standard) MODS (XML) RIS
  • More searches
    Search for this title in:
    Other Libraries (WorldCat) Other Databases (Google Scholar) Online Stores (Bookfinder.com) Open Library (openlibrary.org)

Exporting to Dublin Core...

SOUTHVILLE LIBRARY

Southville International School and Colleges Library

1281 Tropical Ave. Cor. Luxembourg St., BF Homes International, Las Pinas City

Tel. No. 8256374 / 252358 Loc. 117/146

Powered by Koha